=LDR 00000nam 2200000 4500 =001 INLIS000000000027994 =005 20130612130328 =008 ***********************************ind** =035 ##$$0010-061300000027994 =041 ##$$a ind =082 ##$$a 658.81 =090 ##$$a 658.81, LUT r =100 ##$$a Luther, William M =245 ##$$a Rencana Pemasaran, Bagaimana menyusun dan melaksanakannya, William M. Luther; alih bahasa, Iganatius Hadisoeprobo =260 ##$$a 1986 $b Jakarta =300 ##$$a viii, 137 hlm., ilus., 24 cm =650 ##$$a Manajemen Pemasaran =700 ##$$a Hadisuprobo, Iganatius =850 ##$$a NBPNMAT